| 000 | 00000nam 2200000za 4500 |
| 001 | 9.614881 |
| 003 | CaOODSP |
| 005 | 20240527135427 |
| 007 | ta |
| 008 | 150406|1999||||xxc||||| f|0| 0 eng d |
| 020 | |a0-662-27624-8 |
| 022 | |a0576-6370 |
| 040 | |aCaOODSP|beng |
| 043 | |an-cn--- |
| 086 | 1 |aCW69-1/98E |
| 110 | 2 |aCanadian Wildlife Service. |
| 245 | 10|aDistribution, survival, and numbers of Lesser Snow Geese of the Western Canadian Arctic and Wrangel Island, Russia / |cEdited by Richard H. Kerbes, Katherine M. Meeres and James E. Hines. |
| 260 | |aOttawa - Ontario : |bEnvironment Canada. |c1999. |
| 300 | |a120p. : |bgraphs, maps, references, tables ; |c28 cm. |
| 490 | 1 |aOccasional paper - Canadian Wildlife Service|x0576-6370|v98 |
| 500 | |a"Improved and updated information was needed on the year-round distribution, survival rates, and the size of the Western Canadian Arctic and Wrangel Island populations. Those objectives were addressed by a cooperative neckbanding and monitoring program from 1987 to 1992, an analysis of recoveries of legbanded geese for the 1950s-1980s, and inventories of the geese on their nesting colonies. This Occasional paper presents the results and management recommendations arising from that work."--Page 4. Including a summary in Russian. |
| 520 | 3 |aImproved and updated information was needed on the year-round distribution, survival rates, and the size of the Western Canadian Arctic and Wrangel Island populations. Those objectives were addressed by a cooperative neckbanding and monitoring program from 1987 to 1992, an analysis of recoveries of legbanded geese for the 1950s-1980s, and inventories of the geese on their nesting colonies. This Occasional paper presents the results and management recommendations arising from that work.--Page 4 |
| 546 | |aRésumés en français |
| 563 | |aSoftcover |
| 590 | |a99-27|b1999-07-09 |
| 690 | 07|aBirds|2gcpds |
| 720 | 1 |aKerbes, Richard H. |
| 720 | 1 |aMeeres, Katherine M. |
| 720 | 1 |aHines Jr., James R. |
| 776 | 0#|tDistribution, survival, and numbers of lesser snow geese of the Western Canadian Arctic and Wrangel Island, Russia |w(CaOODSP)9.856184 |
| 830 | #0|aOccasional paper (Canadian Wildlife Service)|x0576-6370|v98|w(CaOODSP)9.514489 |